Les biblioteques espais plens de vida [ventall]
Descripción Física:
1 ventall : il·lustracions ; 20 x 28 cm
Otros Autores:
Cuevas, Celeste
Idioma:
Catalán
MARC
| LEADER | 00000nrm a22000007a 4500 | ||
|---|---|---|---|
| 001 | 28487 | ||
| 003 | AGDB | ||
| 005 | 20260324181524.0 | ||
| 008 | 230404b spa||||| |||| 00| 0 cat d | ||
| 040 | |a agdb |b cat | ||
| 245 | |a Les biblioteques espais plens de vida [ventall] | ||
| 260 | |a [Barcelona] : |b Diputació de Barcelona. Xarxa de Biblioteques Municipals ; |c [2023] | ||
| 300 | |a 1 ventall : |b il·lustracions ; |c 20 x 28 cm | ||
| 500 | |a A la portada: bibliotecavirtual.diba.cat | ||
| 610 | 1 | 0 | |9 52650 |a Barcelona (Catalunya : Província). |b Xarxa de Biblioteques Municipals |
| 655 | 0 | |9 52933 |a Ventalls | |
| 700 | |a Cuevas, Celeste |9 70768 |e il·lustració | ||
| 710 | 1 | |9 52650 |a Barcelona (Catalunya : Província). |b Xarxa de Biblioteques Municipals | |
| 942 | |c ARXIU |n 1 | ||
| 952 | |0 0 |1 0 |4 0 |6 NBM1763 |7 1 |9 96948 |a Arxiu |b Arxiu |d 2024-04-15 |l 0 |o NBM-17-63 |p 28487 |r 2024-04-15 00:00:00 |w 2024-04-15 |y ARXIU | ||
| 999 | |c 128795 |d 128795 | ||